000 00710nam a22002777a 4500
001 BR2013001370
003 BR-BrBNA
005 20230928104133.0
007 ta
008 230509b bl.||||| |||| 00| 0 por d
040 _aBR-BrBNA
_bpor
_cBiblioteca Nacional de Agricultura
041 _a(Por)
072 _aN10
_b4430
090 _ 4430 BR2013001370
110 1 _aBelgo Bekaert Arames,
_91247
245 1 _aManual de aplicações de arames na pecuária
260 3 _c[nd].
300 _a23 p.
500 _aPublished 2012?; 78 illus
650 _aCONSTRUÇÃO RURAL
650 _aPECUÁRIA
650 _aCERCA
650 _aTOPOGRAFIA
909 _a202309
_bLucia
_c55
_dLucia Elande
942 _cBK
999 _c78318
_d78318